Logo BPK

Biblioteka

Politechniki Koszalińskiej

Flora i fauna wód śródlądowych / (Rekord nr 38566)

Szczegóły MARC
000 -ETYKIETA REKORDU
podpole kontrolne o stałej długości 01039nam a2200301 i 4500
001 - NUMER KONTROLNY REKORDU
pole kontrolne bg
020 ## - MIĘDZYNARODOWY ZNORMALIZOWANY NUMER KSIĄŻKI - ISBN
ISBN 8370732097
040 ## - ŹRÓDŁO KATALOGOWANIA
Instytucja, która utworzyła rekord BPK
041 1# - KOD JĘZYKA
Kod języka tekstu pl
Kod języka oryginału de
080 ## - UNIWERSALNA KLASYFIKACJA DZIESIĘTNA - UKD
UKD 581.9+591.9](4-191.2-11:28)(084.121)
920 ## - Międzynarodowy znormalizowany numer książki – ISBN
ISBN 83-7073-209-7
008 - POLE O STAŁEJ DŁUGOŚCI - DANE KONTROLNE
podpole kontrolne o stałej długości s pl f |000 0 pol
100 1# - NAZWA OSOBOWA
Nazwa osobowa ENGELHARDT, Wolfgang
245 10 - TYTUŁ/ODPOWIEDZIALNOŚĆ
Tytuł Flora i fauna wód śródlądowych /
Pozostałe elementy strefy tytułu i oznaczenia odpowiedzialności Wolfgang Engelhardt ; współpr. Peter Jürging, Jörg Pfadenhauer, Klaus Rehfeld ; tł. z niem. Stefan Łukomski.
246 ## - WARIANT TYTUŁU
Treść wyrażenia wprowadzającego Tyt. oryg.:
Tytuł Was lebt in Tümpel, Bach und Weiher
260 ## - STREFA ADRESU WYDAWNICZEGO
Miejsce wydania Warszawa :
Nazwa wydawcy/dystrybutora "Multico",
Data publikacji, dystrybucji/powstania dokumentu 1998.
300 ## - STREFA OPISU FIZYCZNEGO
Objętość 312, [1] s. :
Inne cechy fizyczne fot. (gł. kolor.), rys. ;
Rozmiary 20 cm.
490 1# - STREFA SERII I DOKUMENTU WIELOCZĘŚCIOWEGO - FORMA NIE DO WYSZUKIWANIA
Tytuł i oznaczenie odpowiedzialności serii Przewodnik
500 ## - UWAGI OGÓLNE
Tekst uwagi Tyt. oryg.: "Was lebt in Tümpel, Bach und Weiher" 1996.
504 ## - UWAGA DOTYCZĄCA BIBLIOGRAFII
Informacje o bibliografii Bibliogr. s. 300.
650 #9 - HASŁO PRZEDMIOTOWE W FORMIE NAZWY OGÓLNEJ LUB JEDNOSTKOWEJ
Nazwa ogólna lub geograficzna Wody śródlądowe
Określnik ogólny fauna i flora
Określnik geograficzny Europa Środkowo-Wschodnia
655 ## - TERMIN INDEKSOWY - OKREŚLENIE RODZAJU/FORMY DOKUMENTU
Określenie rodzaju/formy dokumentu Atlasy
700 1# - HASŁO DODATKOWE - NAZWA OSOBOWA
Nazwa osobowa JÜRGING, Peter
700 1# - HASŁO DODATKOWE - NAZWA OSOBOWA
Nazwa osobowa PFADENHAUER, Jörg
700 1# - HASŁO DODATKOWE - NAZWA OSOBOWA
Nazwa osobowa REHFELD, Klaus
830 ## - HASŁO DODATKOWE SERII LUB DOKUMENTU WIELOCZĘŚCIOWEGO - TYTUŁ UJEDNOLICONY
Tytuł ujednolicony Przewodnik
856 ## - LOKALIZACJA I DOSTĘP DO ELEKTRONICZNYCH DOKUMENTÓW ZDALNYCH
Link (URL) http://koha.tu.koszalin.pl/cgi-bin/koha/opac-detail.pl?biblionumber=38566
Tekst linku Katalog online BPK
942 ## - DODATKOWE ELEMENTY (KOHA)
Typ dokumentu Książka
Egzemplarze
Wycofany Status egzemplarza Uszkodzony Dostępność Lokalizacja stała Lokalizacja bieżąca Miejsce przechowywania Sygnatura Kod kreskowy Dział Typ dokumentu Ostatnio wypożyczono Status: wypożyczony
      Tylko na miejscu Biblioteka Politechniki Koszalińskiej Biblioteka Politechniki Koszalińskiej Czytelnia BG 56364 01523560 58 Botanika Książka    
      Dostępny Biblioteka Politechniki Koszalińskiej Biblioteka Politechniki Koszalińskiej Wypożyczalnia BG 56366 01523584   Książka 14.01.2025  
      Dostępny Biblioteka Politechniki Koszalińskiej Biblioteka Politechniki Koszalińskiej Wypożyczalnia BG 56367 01523591   Książka   18.09.2026
      Tylko na miejscu Czytelnia Wydziału Elektroniki i Informatyki, Wydziału Architektury i Wzornictwa, Wydziału Inżynierii Mechanicznej i Energetyki oraz Wydziału Inżynierii Lądowej, Środowiska i Geodezji Czytelnia Wydziału Elektroniki i Informatyki, Wydziału Architektury i Wzornictwa, Wydziału Inżynierii Mechanicznej i Energetyki oraz Wydziału Inżynierii Lądowej, Środowiska i Geodezji Czytelnia Wydziałowa ul. Śniadeckich 2 56365 01523577 58 Botanika Książka    
© 2023 Biblioteka Politechniki Koszalińskiej :: KOHA